000 00326nam a2200133Ia 4500
008 240624s9999 xx 000 0 und d
041 _aeng
082 _a332.1 HAR
100 _aHARRISON TINA
245 _aFINANCIAL SERVICES MARKETING
260 _c2000
_aHarlow
_bPearson Education
300 _a352 : p.
365 _cGBP
_b25
999 _c23438
_d23438